Entre todos...creando juntos: experiencias educativas con aporte de la empresa

Bewaard in:
Bibliografische gegevens
Hoofdauteur: Larraín Ibáñez, Carmen (Auteur)
Formaat: Boek
Taal:Spaans
Gepubliceerd in: Santiago Ministerio de Educación 1999
Onderwerpen:
Tags: Voeg label toe
Geen labels, Wees de eerste die dit record labelt!

MARC

LEADER 00000nam a2200000 a 4500
001 UCO4354
003 CL-VaPUC
008 000804e19990000CL |||||||||||||||||spa|d
082 0 4 |a 370.11  |b LAR  |2 21 
100 |a Larraín Ibáñez, Carmen  |e author  |9 448821 
245 1 0 |a Entre todos...creando juntos: experiencias educativas con aporte de la empresa 
300 |a 88 p 
942 |c BK 
945 |d 20000804 00:00:00  |a rbrito 
260 |a Santiago  |b Ministerio de Educación  |c 1999 
650 0 |a Objetivos educativos  |9 306344 
650 0 |a Reforma educacional   |9 256319 
650 7 |a EMPRESA PRIVADA  |2 CL-VaPUC  |9 374835 
650 0 |a Sociología de la educación   |9 260380 
583 |a last modification  |c 20000804 00:00:00  |k Rodrigo Vera 
999 |c 290407  |d 290405 
952 |0 0  |1 0  |4 0  |6 370_110000000000000_LAR_1999  |7 0  |8 A  |9 339788  |a BIBEDU  |b BIBEDU  |d 2019-11-20  |i 363552K  |o 370.11 LAR 1999  |p 363552K  |r 2019-11-20  |w 2019-11-20  |y BK  |k BME